[Event "NRW-ch U14 Girls"]
[Site "Kranenburg"]
[Date "2008.03.27"]
[Round "5"]
[White "Krueger, Alina"]
[Black "Rosenfeld, Elisabeth"]
[Result "0-1"]
[WhiteElo "1094"]
[BlackElo "1429"]
[PlyCount "50"]
[EventDate "2008.03.24"]
[EventType "swiss"]
[EventRounds "7"]
[EventCountry "GER"]
[SourceTitle "EXT 2009"]
[Source "ChessBase"]
[SourceDate "2008.11.26"]
[SourceVersion "1"]
[SourceVersionDate "2008.11.26"]
[SourceQuality "1"]

1. e4 e5 2. Nf3 Nc6 3. Bc4 Nf6 4. d3 d5 5. exd5 Nxd5 6. 0-0 Bg4 7. c3 Qd7 8. Qe2 0-0-0 9. Be3 f5 10. Nbd2 f4 11. Bxa7 Nxa7 12. Qxe5 Nc6 13. Bb5 Nxe5 14. Bxd7+ Nxd7 15. Ng5 Bh5 16. Ne6 Re8 17. Nxf8 Rhxf8 18. f3 Re2 19. Nc4 Ne3 20. Nxe3 fxe3 21. b4 Bg6 22. d4 Nb6 23. a4 Nc4 24. Rfd1 Rd2 25. Rxd2 exd2 0-1

[Event "NRW-ch U14 Girls"]
[Site "Kranenburg"]
[Date "2008.03.25"]
[Round "2"]
[White "Krueger, Alina"]
[Black "Mueller, Laura Margarita"]
[Result "1-0"]
[WhiteElo "1094"]
[BlackElo "1218"]
[PlyCount "118"]
[EventDate "2008.03.24"]
[EventType "swiss"]
[EventRounds "7"]
[EventCountry "GER"]
[SourceTitle "EXT 2009"]
[Source "ChessBase"]
[SourceDate "2008.11.26"]
[SourceVersion "1"]
[SourceVersionDate "2008.11.26"]
[SourceQuality "1"]

1. e4 e5 2. Nf3 d6 3. Bc4 Bg4 4. d3 Nf6 5. Nc3 Nc6 6. Be3 Be7 7. h3 Bh5 8. g4 Bg6 9. Qd2 a6 10. d4 Nxe4 11. Nxe4 Bxe4 12. Be2 exd4 13. Bxd4 Bf6 14. Qe3 d5 15. 0-0-0 0-0 16. Rhg1 Nxd4 17. Nxd4 Bg5 18. f4 Be7 19. Bf3 Bxf3 20. Qxf3 Bc5 21. Qc3 Bxd4 22. Qxd4 Qd6 23. Qxd5 Qxf4+ 24. Kb1 Rab8 25. h4 Qf6 26. h5 Rfd8 27. Qe4 Rxd1+ 28. Rxd1 h6 29. b3 Qe6 30. Qf4 Rc8 31. g5 Qh3 32. gxh6 Qxh5 33. Rg1 g6 34. Rf1 f5 35. Qc4+ Kh7 36. Qd5 Rb8 37. Rh1 Qxh6 38. Rxh6+ Kxh6 39. Qe5 Rc8 40. c4 c5 41. Qe3+ Kh5 42. Qf3+ Kg5 43. Qxb7 Re8 44. b4 Re1+ 45. Kc2 Re2+ 46. Kd3 Rxa2 47. Qe7+ Kg4 48. Qxc5 f4 49. Qg1+ Kf5 50. Kc3 Re2 51. c5 Re6 52. Qg2 Re3+ 53. Kd4 g5 54. c6 Re7 55. Qh3+ g4 56. Qh5+ Kf6 57. Qxg4 Re8 58. Qxf4+ Ke7 59. Qc7+ Kf8 1-0